000 nam a22 a 4500
999 _c2489
_d2489
003 AKMAL
005 20170516164049.0
008 170515 xxx 000 eng d
020 _a0878571949
020 _a0553238892
039 9 _a201512191427
_bpbn
040 _aAKMAL
_cAKMAL
082 _a613.7 ARD
090 _a613.7
_bARD
100 1 _aArdell, Donald B.
_95176
245 1 0 _aHigh level wellness :
_ban alternative to doctors, drugs, and disease /
_cDonald B. Ardell
260 _aEmmaus, Pa. :
_bRodale Press,
_c1977
300 0 0 _a296p :
_bill.
942 _2ddc
_cBOOK